| 000 | 01112nam a22003257a 4500 | ||
|---|---|---|---|
| 001 | BR7801708 | ||
| 003 | BR-BrBNA | ||
| 005 | 20230928085546.0 | ||
| 007 | ta | ||
| 008 | 230509b bl.||||| |||| 00| 0 por d | ||
| 040 |
_aBR-BrBNA _bpor _cBiblioteca Nacional de Agricultura |
||
| 041 | _a(Por) | ||
| 072 |
_aE30; C00 _b/G514 |
||
| 090 | _ E30 BR7801708 | ||
| 110 | 1 |
_aEmpresa de Assistencia Tecnica e Extensao Rural do Rio Grande do Norte, Natal (Brasil) _94052 |
|
| 245 | 1 | _aDesempenho 77. Perspectiva 78 [assistencia tecnica, projeto agricola, Projeto pecuario, Extensao rural, Credito rural, Empresa de Assistencia Tecnica e Extensao Rural do Rio Grande do Norte, Brasil] | |
| 260 | 3 |
_aNatal, RN (Brasil): _c1978. |
|
| 300 | _a65 p. | ||
| 650 | _aDESENVOLVIMENTO AGRICOLA | ||
| 650 | _aEXTENSAO RURAL | ||
| 650 | _aPLANEJAMENTO AGRICOLA | ||
| 650 | _aPROJETO AGRICOLA | ||
| 650 | _aPROJETO PECUARIO | ||
| 650 | _aASSISTENCIA TECNICA | ||
| 650 | _aCREDITO RURAL | ||
| 650 | _aDESENVOLVIMENTO RURAL | ||
| 650 | _aRIO GRANDE DO NORTE | ||
| 909 |
_a202309 _bLucia _c55 _dLucia Elande |
||
| 942 | _cBK | ||
| 999 |
_c25083 _d25083 |
||